| 000 | 00726nam a2200253Ia 4500 | ||
|---|---|---|---|
| 003 | OSt | ||
| 005 | 20220918164737.0 | ||
| 006 | a|||||r|||| 00| 0 | ||
| 007 | ta | ||
| 008 | 220917b |||||||| |||| 00| 0 eng d | ||
| 020 | _a0745600719 (hbk) | ||
| 024 | _a31,361 | ||
| 037 | _cTextual | ||
| 040 |
_aARTS _cARTS _beng |
||
| 041 |
_2eng _aeng |
||
| 082 | _aO111:g (Y15), M5 | ||
| 100 |
_aSwindells Julia _920430 |
||
| 245 | 0 |
_aVictorian writing and working women _b the other side of silence Julia Swindells |
|
| 260 |
_aCambridge _bPolity _c1985 |
||
| 300 |
_ax,236p. _ccm. |
||
| 650 | _aENGLISH LITERATURE | ||
| 942 |
_hO111:g (Y15), M5 _cTEXL _2CC |
||
| 999 |
_c126303 _d126303 |
||